Polymer chemistry / (Record no. 2907)

MARC details
000 -LEADER
fixed length control field 01033nac a22003131i 4500
003 - CONTROL NUMBER IDENTIFIER
control field EG-ScBUE
005 - DATE AND TIME OF LATEST TRANSACTION
control field 20250804085534.0
008 - FIXED-LENGTH DATA ELEMENTS--GENERAL INFORMATION
fixed length control field 100902s2003 ii a f 000 0 eng d
020 ## - INTERNATIONAL STANDARD BOOK NUMBER
International Standard Book Number 812614134
020 ## - INTERNATIONAL STANDARD BOOK NUMBER
International Standard Book Number 9788126114139
040 ## - CATALOGING SOURCE
Original cataloging agency EG-ScBUE
Language of cataloging eng
Description conventions rda
Transcribing agency EG-ScBUE
Modifying agency EG-ScBUE
082 04 - DEWEY DECIMAL CLASSIFICATION NUMBER
Classification number 547.12254
Item number ARO
Edition number 22
100 1# - MAIN ENTRY--PERSONAL NAME
Personal name Arora ,M. G.,
Relator term author.
9 (RLIN) 17813
245 10 - TITLE STATEMENT
Title Polymer chemistry /
Statement of responsibility, etc by M. G.Arora, M. Singh, M. S.Yadav ; edited by Seema Yadav.
250 ## - EDITION STATEMENT
Edition statement Second edition,
Remainder of edition statement revised & enlarged.
264 #1 - PUBLICATION, DISTRIBUTION, ETC. (IMPRINT)
Place of publication, distribution, etc New Delhi :
Name of publisher, distributor, etc Anmol Publications PVT. LTD,
Date of publication, distribution, etc 2003.
300 ## - PHYSICAL DESCRIPTION
Extent 438 pages :
Other physical details illustrations ;
Dimensions 22 cm
336 ## - CONTENT TYPE
Source rdacontent
Content type term text
Content type code txt
337 ## - MEDIA TYPE
Media type term unmediated
Source rdamedia
Media type code n
338 ## - CARRIER TYPE
Carrier type term volume
Carrier type code nc
Source rdacarrier
650 #7 - SUBJECT ADDED ENTRY--TOPICAL TERM
Topical term or geographic name as entry element Polymers.
9 (RLIN) 17814
650 #7 - SUBJECT ADDED ENTRY--TOPICAL TERM
Topical term or geographic name as entry element Polymerization.
9 (RLIN) 17815
650 #7 - SUBJECT ADDED ENTRY--TOPICAL TERM
Topical term or geographic name as entry element Chemistry.
9 (RLIN) 17816
650 #7 - SUBJECT ADDED ENTRY--TOPICAL TERM
Topical term or geographic name as entry element Polymers.
9 (RLIN) 17817
655 ## - INDEX TERM--GENRE/FORM
Form subdivision Reading book
700 1# - ADDED ENTRY--PERSONAL NAME
Personal name Singh ,M.,
Relator term author.
9 (RLIN) 17818
700 1# - ADDED ENTRY--PERSONAL NAME
Personal name Yadav, M. S.,
Relator term author.
9 (RLIN) 17819
942 ## - ADDED ENTRY ELEMENTS (KOHA)
Koha item type Book - Borrowing
Source of classification or shelving scheme Dewey Decimal Classification
Holdings
Withdrawn status Lost status Source of classification or shelving scheme Damaged status Not for loan Collection code Home library Current library Shelving location Date acquired Source of acquisition Total Checkouts Total Renewals Full call number Barcode Date last seen Date checked out Cost, replacement price Price effective from Koha item type
    Dewey Decimal Classification       Central Library Central Library First floor 07/03/2011   3 12 547.12254 ARO 000001375 15/07/2025 15/10/2017 48.00 11/03/2007 Book - Borrowing